000 00991nam a22002777a 4500
001 5481
003 FISKH
005 20241210135355.0
008 241210b cb ||||| |||| 00| 0 eng d
020 _a9780545747240
040 _aFISKH
_beng
_cFISKH
_dFISKH
050 _aQL696.C48
082 _a598.072
100 _aHoose, Phillip
245 _aMoonbird :
_b A Year on the wind with the Great Survivor B95 /
_cby Phillip Hoose
260 _aNew York :
_bScholastic ;
_c2012.
300 _a148 pages :
_bcolor illustrations, maps ;
_c25 cm .
505 _aZ
520 _aDocuments the survival tale of an intrepid shorebird who has endured annual migrations between Argentina and the Canadian Arctic throughout the course of a long lifetime while his species continues to decline.
521 8 _a1150
_bLexile
521 8 _aZ
_bRaz-Plus
650 _aendangered species
_vNon-fiction
650 _a migration
_vNon-fiction
942 _2ddc
_cBK
_n0
999 _c5481
_d5481